| 000 | 00619nam a2200229 i 4500 | ||
|---|---|---|---|
| 001 | 13516 | ||
| 003 | ES-MaACL | ||
| 005 | 20230906150612.0 | ||
| 007 | t| | ||
| 008 | 980427s1997 sp ||||1| spa d | ||
| 020 | _a84-87958-22-2 | ||
| 080 | _a821.134.2-14"19" | ||
| 100 | 1 |
_aDoce, Jordi. _944954 |
|
| 245 | 1 | 0 |
_aDiálogo en la sombra / _cJordi Doce. |
| 260 |
_aGijón : _bAteneo Obrero de Gijón, _c1997. |
||
| 300 |
_a79 p. ; _c24 cm. |
||
| 490 | 1 |
_aDeva ; _v21 |
|
| 710 | 2 |
_aAteneo Obrero de Gijón. _92052 |
|
| 830 | 0 |
_aDeva ; _v21 _9177316 |
|
| 852 |
_aES-MaACL _jL-20869 _bR.126486 |
||
| 999 |
_c13516 _d13516 |
||